| 000 | 006580000a22001930004500 | ||
|---|---|---|---|
| 999 |
_c54317 _d54317 |
||
| 001 | 768714001 | ||
| 003 | CO-MdFUSB | ||
| 005 | 20170823143753.0 | ||
| 008 | 170823s2001 xxu||||| |||| 00| 0 eng d | ||
| 022 | _a0120-3649 | ||
| 040 |
_aCO-MdFUSB _bspa _cCO-MdFUSB _dCO-MdFUSB |
||
| 041 | _aeng | ||
| 100 | 1 |
_aElkins, Stefanie _eautor |
|
| 245 | 1 | 0 |
_aGetting archaeology into the classroom : _bmiddle schoolers excavate their own tell |
| 300 |
_aVolumen 28. Número 1 (2002), Páginas 14-15 _c28 cm. |
||
| 546 | _aTexto en inglés | ||
| 773 | 0 |
_tBiblical Archaeology Review _049395 _959464 _gVolumen 28. Número 1 (2002), Páginas 14-15 _qPágina 14 |
|
| 942 | _cANA | ||